Using R for Statistics /

Gardado en:
Detalles Bibliográficos
Autor Principal: Stowell, Sarah (autor)
Formato: Libro
Idioma:inglés
Publicado: Nueva York, EUA : Apress, 2014, c2014
Series:(The Expert's Voice in R)
(Books for Professionals by Professionals)
Temas:
Etiquetas: Engadir etiqueta
Sen Etiquetas, Sexa o primeiro en etiquetar este rexistro!

MARC

LEADER 00000nam^a2200000^a^4500
001 000380756
005 20250521000000.0
009 20260310120619.81
020 |a 978-1-4842-0140-4 
037 |a Acervo ITESO - Biblioteca 
041 |a ING 
082 |a 519. 50285  |b STO 
100 |a Stowell, Sarah  |e (autor) 
245 1 0 |a Using R for Statistics /  |c S. Stowell. 
264 4 |a Nueva York, EUA :  |b Apress,  |c 2014, c2014 
300 |a XX, 221 p. 
336 |a texto  |b txt  |2 rdacontenido 
337 |a sin mediación  |b n  |2 rdamedio 
338 |a volumen  |b nc  |2 rdasoporte 
440 5 |a (The Expert's Voice in R) 
440 1 |a (Books for Professionals by Professionals) 
649 |a XX 
650 |a Diagramas de Flujo 
650 |a Métodos Gráficos 
650 |a Información 
650 |a Lenguajes de Programación 
650 |a Cómputo Distribuido 
650 |a Modelos Matemáticos 
650 |a Métodos de Simulación 
650 |a Análisis de Datos -  |x Tema Principal 
650 |a Estadística -  |x Tema Principal 
650 |a Proceso Electrónico de Datos 
650 |a Ingeniería Computacional 
910 |a Fondo General 
920 |a Impresos - Libros 
930 |a Colección General 
905 |a 101 
901 |a 0500275345  |b IT1  |c ACC  |i C1520094  |u 20250521 
902 |a https://opac.biblio.iteso.mx/vufind/Record/000380756